000 01624nam0a22002891 4500
001 rc\4477982
005 20250611182940.0
021 _aRU
_bРг1348-63
035 _a(NLR Aleph) 008332909
090 _a8828444
_c8828444
100 _a20130416d1962 |||y0rusy50 ca
101 0 _arus
102 _aRU
105 _aa z |||||
200 1 _aОптимизация по градиентному методу режимов объединенных энергосистем, имеющих в своем составе гидроэлектростанции
210 _aНовосибирск
_cБ. и.
_d1962
215 _a23 с.
_cчерт.
_d19
225 1 _aАкадемия наук СССР. Сибирское отделение. Институт математики. Институт экономики. Материалы к Конференции по опыту и перспективам применения математических методов и электронных вычислительных машин в планировании
300 _aНа обл. только загл. серии
700 1 _aКрумм
_bЛ.А.
_gЛембит Арсеньевич
701 1 _aСыров
_bЮ.П.
_gЮрий Петрович
712 0 2 _aКонференция по опыту и перспективам применения матем. методов и электронных вычислительных машин в планирования (Новосибирск)
801 0 _aRU
_bNLR
_gpsbo
801 1 _aRU
_bELAR
_2rusmarc
852 _aNLR
_j63-4/2146
942 _cBOOK
980 _aNB